000 00343nam a2200133Ia 4500
008 100328s9999 xx 000 0 und d
082 _b53795
100 _aपानवलकर श्री.दा.
245 _aऔदुंबर
260 _bमौज
630 _aऔदुंबर
730 _aऔदुंबर
942 _cBOOK
999 _c540534
_d540531